header

Quaternary carbonate and evaporite sedimentary facies and their ancient analogues (Record no. 114905)

MARC details
000 -LEADER
fixed length control field 03239nam a2200421 a 4500
082 04 - DEWEY DECIMAL CLASSIFICATION NUMBER
Classification number 552/.58
245 00 - TITLE STATEMENT
Title Quaternary carbonate and evaporite sedimentary facies and their ancient analogues
260 ## - PUBLICATION, DISTRIBUTION, ETC. (IMPRINT)
Place of publication Chichester, U.K. :
Name of publisher Wiley-Blackwell,
Year of publication 2011.
300 ## - PHYSICAL DESCRIPTION
Number of Pages xiii, 478 p. :
Other physical details ill., maps (some col.).
490 0# - SERIES STATEMENT
Series statement Special publication / International Association of Sedimentologists ;
505 0# - FORMATTED CONTENTS NOTE
Formatted contents note pt. 1. Recent carbonate and evaporite sediments -- pt. 2. Geochemistry of recent carbonate and evaporite sediments -- pt. 3. Ancient carbonates and evaporites.
520 ## - SUMMARY, ETC.
Summary, etc "This volume commemorates the eclectic research of Douglas James Shearman into evaporites, which was initiated by his studies of the prograding UAE coastal sabkhas or salt flats that incorporate evaporite minerals which displace and replace earlier carbonate sediments. His subsequent proselytization of the study of ancient evaporites in sedimentary sections all over the world led to fundamental advances in our understanding of arid zone carbonate sedimentology. The papers presented here are based on presentations made in Abu Dhabi, UAE 12-14th October 2004 and 7th -8th November 2006. They provide a retrospective from the 1960's and 70's of Holocene evaporites and carbonates, recapturing Shearman's contribution by revisiting the Holocene coastal evaporite and carbonate sediments of the Arabian/Persian Gulf from Abu Dhabi, Qatar, and Oman. The first set of papers considers these sediments from the perspective of their coastal geomorphology, sedimentary character and their geochemistry. Later papers examine the significance of these settings in the ancient geological section world-wide, including examples from the Mesozoic-Cenozoic of the Moroccan Atlantic margin and the Upper Jurassic Arab Formation of the Arabian Gulf"--
650 #0 - SUBJECT ADDED ENTRY--TOPICAL TERM
Topical Term Carbonate rocks
Topical Term Evaporites
Topical Term Facies (Geology)
Topical Term Geology, Stratigraphic
700 1# - ADDED ENTRY--PERSONAL NAME
Personal name Shearman, Douglas James,
Personal name Kendall, Christopher G. St. C.
Personal name Alsharhan, A. S.
856 40 - ELECTRONIC LOCATION AND ACCESS
Uniform Resource Identifier http://site.ebrary.com/lib/rucke/Doc?id=10469862
520 ## - SUMMARY, ETC.
-- Provided by publisher.

No items available.

© 2026 Rongo University
Contact us: librarian | system librarian | Rongo university